La gata del piloto /

Guardado en:
Autor Principal: Westal, Robert
Otros Autores: Arciniegas, Gabriela, trad., Samper, Cristina, Il.
Formato: Libro
Publicado: Colombia : Norma, 1989
Series:Torre de papel
Materias:
Etiquetas: Agregar Etiqueta
Sin Etiquetas, Sea el primero en etiquetar este registro!
LEADER 00813nam a22002655a 4500
001 CEM.cems017724
005 20111026103517.0
008 130507s1989##################000#0#####d
003 CEMS
020 |a 9580423806 
082 0 4 |a 823.9 
100 1 |a Westal, Robert 
245 1 0 |a La gata del piloto /  |c Robert Westall ; traducción de Gabriela Arciniegas ; ilustraciones de Cristina Samper 
260 |a Colombia :  |b Norma,  |c 1989 
300 |a 326 p. 
490 0 |a Torre de papel 
500 |a Para jóvenes adultos 
653 |a Literatura 
653 |a Literatura norteamericana 
653 |a Novelas 
653 |a Novela norteamericana 
653 |a Literatura juvenil 
700 1 |a Arciniegas, Gabriela, trad. 
700 1 |a Samper, Cristina, Il. 
859 |a CEMS  |b BIB. CEMS - Agricultura  |h 823.9  |i W520  |p A1467.11  |t Ej.1